000 00250 a2200109 4500
001 63373
082 _a005.133 PER
090 _c37424
_d37424
100 _aPerry, G
245 _aC by Example Vol II
_hEnglish
260 _bPrentic Hall Publication
942 _aCAE NUST
_k005.133 PER
999 _c298446
_d298446